Desde nuestra escuela "Paideia" de Josefa Martín Luengo (Record no. 197224)
[ view plain ]
| 000 -LEADER | |
|---|---|
| campo de control de longitud fija | 02013nim a2200421 i 4500 |
| 001 - NÚMERO DE CONTROL | |
| campo de control | 197224 |
| 003 - IDENTIFICADOR DE NÚMERO DE CONTROL | |
| campo de control | ES-MaACL |
| 005 - FECHA Y HORA DE LA ÚLTIMA TRANSACCIÓN | |
| campo de control | 20250829063134.0 |
| 007 - CAMPO FIJO DE DESCRIPCIÓN FÍSICA--INFORMACIÓN GENERAL | |
| campo de control de longitud fija | ss lsnjlcipnne |
| 008 - DATOS DE LONGITUD FIJA--INFORMACIÓN GENERAL | |
| campo de control de longitud fija | 250424s1990 sp nnnn |||| 00| spa d |
| 040 ## - FUENTE DE CATALOGACIÓN | |
| Lengua de catalogación | spa |
| Centro/agencia transcriptor | ES-MaACL |
| 100 1# - ENTRADA PRINCIPAL--NOMBRE DE PERSONA | |
| Nombre de persona | Martín Luengo, Josefa, |
| Fechas asociadas al nombre | 1944-2009 |
| Término indicativo de función/relación | Autor |
| 9 (RLIN) | 77547 |
| 245 00 - MENCIÓN DEL TÍTULO | |
| Título | Desde nuestra escuela "Paideia" de Josefa Martín Luengo |
| Medio | [Grabación sonora] : |
| Resto del título | presentación de libro / |
| Mención de responsabilidad, etc. | participan; Josefa Martín Luengo, Isabel Escudero, Concepción Serrano, David Manuel Rivas Infante y José Luis Velasco |
| 260 ## - PUBLICACIÓN, DISTRIBUCIÓN, ETC. | |
| Lugar de publicación, distribución, etc. | Madrid : |
| Nombre del editor, distribuidor, etc. | Ateneo de Madrid, |
| Fecha de publicación, distribución, etc. | 1990 |
| 300 ## - DESCRIPCIÓN FÍSICA | |
| Extensión | 2 casetes (ca. 180 min) : |
| Otras características físicas | son. ; |
| Dimensiones | 11 cm |
| 490 1# - MENCIÓN DE SERIE | |
| Mención de serie | Actos culturales en el Ateneo de Madrid |
| RLIN | 240237 |
| 511 ## - NOTA DE PARTICIPANTES O INTÉRPRETES | |
| Nota de participantes o intérpretes | Participan: Josefa Martín Luengo, autora; Isabel Escudero, profesora; Concepción Serrano, maestra; David Manuel Rivas Infante, secretario primero del Ateneo; José Luis Velasco, de la Editorial Madre Tierra |
| 518 ## - NOTA DE FECHA/HORA Y LUGAR DE UN ACONTECIMIENTO | |
| Nota de fecha/hora y lugar de un acontecimiento | Grabado el 16 de noviembre de 1990 en el salón de actos del Ateneo de Madrid |
| 520 ## - RESUMEN, ETC. | |
| Sumario, etc. | Presentación del libro de Josefa Martín Luengo titulado "Desde nuestra escuela Paideia" |
| 540 ## - NOTA DE CONDICIONES DE USO Y REPRODUCCIÓN | |
| Condiciones de uso y reproducción | Documento inédito |
| 594 ## - Nota al título y mención de responsabilidad | |
| a | Datos basados en la invitación |
| 610 24 - PUNTO DE ACCESO ADICIONAL DE MATERIA--NOMBRE DE ENTIDAD CORPORATIVA | |
| Nombre de entidad corporativa o nombre de jurisdicción como elemento de entrada | Colectivo "Paideia" |
| 9 (RLIN) | 3588 |
| 610 24 - PUNTO DE ACCESO ADICIONAL DE MATERIA--NOMBRE DE ENTIDAD CORPORATIVA | |
| Nombre de entidad corporativa o nombre de jurisdicción como elemento de entrada | Ateneo de Madrid- |
| Subdivisión general | Actos culturales- |
| Subdivisión cronológica | 1990- |
| Subdivisión de forma | Grabaciones sonoras |
| 9 (RLIN) | 240083 |
| 650 #4 - PUNTO DE ACCESO ADICIONAL DE MATERIA--TÉRMINO DE MATERIA | |
| Término de materia o nombre geográfico como elemento de entrada | Pedagogía- |
| Subdivisión geográfica | España |
| 9 (RLIN) | 169572 |
| 653 ## - TÉRMINO DE INDIZACIÓN--NO CONTROLADO | |
| Término no controlado | Archivo de la palabra |
| 655 #0 - TERMINO DE INDIZACIÓN--GENERO/FORMA | |
| Datos o término principal de género/forma | Conferencias |
| 9 (RLIN) | 234444 |
| 700 1# - ENTRADA AGREGADA--NOMBRE PERSONAL | |
| Nombre de persona | Escudero, Isabel, |
| Fechas asociadas al nombre | 1944-2017 |
| Término indicativo de función/relación | Orador |
| 9 (RLIN) | 47684 |
| 700 1# - ENTRADA AGREGADA--NOMBRE PERSONAL | |
| Nombre de persona | Rivas Infante, David, |
| Fechas asociadas al nombre | 1957-2024 |
| Término indicativo de función/relación | Orador |
| 9 (RLIN) | 97578 |
| 700 1# - ENTRADA AGREGADA--NOMBRE PERSONAL | |
| Nombre de persona | Velasco, José Luis |
| Término indicativo de función/relación | Orador |
| 9 (RLIN) | 113728 |
| 710 2# - ENTRADA AGREGADA--NOMBRE DE ENTIDAD CORPORATIVA | |
| Nombre de entidad corporativa o nombre de jurisdicción como elemento de entrada | Ateneo de Madrid |
| Término indicativo de función/relación | Sede |
| 9 (RLIN) | 1875 |
| 710 2# - ENTRADA AGREGADA--NOMBRE DE ENTIDAD CORPORATIVA | |
| Nombre de entidad corporativa o nombre de jurisdicción como elemento de entrada | Editorial Madre Tierra |
| Término indicativo de función/relación | Colaborador |
| 9 (RLIN) | 240594 |
| 830 #0 - PUNTO DE ACCESO ADICIONAL DE SERIE-TÍTULO UNIFORME | |
| Título uniforme | Actos culturales en el Ateneo de Madrid |
| 9 (RLIN) | 240237 |
| 852 4# - LOCALIZACIÓN | |
| Ubicación | ES-MaACL |
| Ubicación en estantería | Depósito Z |
| Designación de la unidad física | Cinta 1 |
| itemnumber | 205344 |
| 852 4# - LOCALIZACIÓN | |
| Ubicación | ES-MaACL |
| Ubicación en estantería | Depósito Z |
| Designación de la unidad física | Cinta 2 |
| itemnumber | 205345 |
| 942 ## - ELEMENTOS DE ENTRADA SECUNDARIOS (KOHA) | |
| Fuente del sistema de clasificación o colocación | Clasificación decimal universal |
| Suprimir en OPAC | No |
| Tipo de ítem Koha | Casete |
| Estatus retirado | Estado de pérdida | Fuente del sistema de clasificación o colocación | Especificación de materiales (volumen encuadernado u otra parte) | Estado de daño | No para préstamo | Colección | Biblioteca de origen | Biblioteca actual | Ubicación en estantería | Fecha de adquisición | Total de préstamos | Signatura topográfica completa | Código de barras | Visto por última vez | Precio de reemplazo | Tipo de ítem Koha |
|---|---|---|---|---|---|---|---|---|---|---|---|---|---|---|---|---|
| Clasificación decimal universal | Cinta 1 | Archivo de la palabra | Biblioteca del Ateneo de Madrid | Biblioteca del Ateneo de Madrid | Depósito Z | 09/05/2025 | AP/1141 | 2025-0176 | 09/05/2025 | 09/05/2025 | Casete | |||||
| Clasificación decimal universal | Cinta 2 | Archivo de la palabra | Biblioteca del Ateneo de Madrid | Biblioteca del Ateneo de Madrid | Depósito Z | 09/05/2025 | AP/1142 | 2025-0177 | 09/05/2025 | 09/05/2025 | Casete |
